Países que empiezan por K - Estadísticas

Estadísticas generales
  • Esta prueba ha sido intentada 326 veces
  • La puntuación promedio es 5 de 6
Estadísticas de respuestas
Respuesta % Correcto
Kazajistán
94%
Kenia
91%
Kuwait
87%
Kirguistán
83%
Kiribati
79%
Kosovo
78%
No se encontraron pruebas coincidentes
Distribución de puntuación
Porcentaje de gente con cada puntuación
Porcentaje por número respondido
Historial de tus puntuaciones
No has intentado esta prueba.